<A> Descriptive model of choice for siting facilities
Uložené v:
| Hlavný autor: | |
|---|---|
| Ďalší autori: | , |
| Médium: | Kniha |
| Jazyk: | English |
| Vydavateľské údaje: |
Laxenburg
International Institute for Applied Systems Analysis
1982
|
| Tagy: |
Žiadne tagy, Buďte prvý, kto otaguje tento záznam!
|
MARC
| LEADER | 00000nam a2200000 4500 | ||
|---|---|---|---|
| 001 | c126235 | ||
| 005 | 20041019155237.4 | ||
| 041 | 0 | |a eng | |
| 044 | |a AT | ||
| 245 | 1 | 0 | |a <A> Descriptive model of choice for siting facilities |c H. Kunreuther, John W. Lathrop, J. Linnerooth |
| 264 | 1 | |a Laxenburg |b International Institute for Applied Systems Analysis |c 1982 | |
| 300 | |a S. 282-297 | ||
| 500 | |a Separát z: Behavioral science, vol. 27, number 3 (1982) | ||
| 100 | 1 | |a Kunreuther, Howard | |
| 700 | 1 | |a Lathrop, John W. | |
| 700 | 1 | |a Linnerooth, J. | |